LEADER 00779nam0-22003011i-450- 001 990004447130403321 005 20160108110551.0 035 $a000444713 035 $aFED01000444713 035 $a(Aleph)000444713FED01 035 $a000444713 100 $a19990604d1924----km-y0itay50------ba 101 0 $afre 102 $aFR 105 $ay-------001yy 200 1 $aPropos sur le Christianisme$fAlain 210 $aParis$cRieder$d1924 215 $a174 p.$d18 cm 225 1 $aChristianisme$v2 676 $a251.009022 700 1$aAlain$f<1868-1951>$0159674 801 0$aIT$bUNINA$gRICA$2UNIMARC 901 $aBK 912 $a990004447130403321 952 $a251 ALA 1$bs.i.$fFLFBC 959 $aFLFBC 996 $aPropos sur le Christianisme$9543078 997 $aUNINA LEADER 00764oam 2200229z- 450 001 996320835503316 005 20211117204831.0 010 $a9780891188957 035 $a(CKB)9870000000000537 035 $a(EXLCZ)999870000000000537 100 $a20200616c2008uuuu -u- - 101 0 $aeng 200 00$aGlossary of soil science terms /$fGlossary of Soil Science Terms Committee, Soil Science Society of America 210 $aMadison, WI$cAmerican Society of Agronomy and Soil Science Society of America$d2008 606 $aSoil science$vTerminology 615 0$aSoil science 676 $a631.403 712 02$aSoil Science Society of America. 906 $aBOOK 912 $a996320835503316 996 $aGlossary of soil science terms$91421124 997 $aUNISA LEADER 01206nam a2200313 i 4500 001 991000747339707536 005 20230317130513.0 008 940510s1986 us ||| | eng 020 $a0471094358 035 $ab10123222-39ule_inst 035 $aLE02521512 040 $aFac. Economia$bita 082 04$a347.30764 100 1 $aDeGroot, Morris H.$0437828 245 10$aStatistics and the law /$cedited by Morris H. DeGroot, Stephen E. Fienberg, Joseph B. Kadane 260 $aNew York [etc.] :$bWiley & Sons,$cc1986 300 $axviii, 486 p. ;$c24 cm. 490 1 $aWiley series in probability and mathematical statistics. Applied probability and statistics 650 4$aEvidenza $zStati Uniti 650 4$aEvidenza $zStati Uniti$xMetodi statistici 650 4$aStati Uniti d'America$xStatistica 700 1 $aFienberg, Stephen E. 700 1 $aKadane, Joseph B. 907 $a.b10123222$b17-02-17$c27-06-02 912 $a991000747339707536 945 $aLE025 347 DEG$g1$i2025000017481$lle025$o-$pE0.00$q-$rl$s-$t0$u1$v0$w1$x0$y.i1014450x$z27-06-02 996 $aStatistics and the law$9198787 997 $aUNISALENTO 998 $ale025$b01-01-94$cm$da$e-$feng$gus$h0$i1